|
|
|
|
| LEADER |
00000cam a2200000 a 4500 |
| 001 |
vtls001466715 |
| 003 |
SK-MaSNL |
| 005 |
20260301121811.0 |
| 008 |
250312s1967 xo hoa gr 00000 slo |
| 015 |
|
|
|a SNBA1967/09-01494
|
| 020 |
|
|
|q (viazané)
|
| 035 |
|
|
|a SNK000422020
|
| 035 |
|
|
|a urn:nbn:sk:snk-amlqob
|
| 035 |
|
|
|a urn:nbn:sk:snk-am00c2sx
|
| 035 |
|
|
|a AFE7C7B9-8FA0-4E4F-BB02-FFAE34FB7653
|
| 040 |
|
|
|a SNK
|b slo
|c SNK
|e AACR2
|
| 041 |
1 |
|
|a slo
|h eng
|
| 044 |
|
|
|a xo
|c SK
|
| 072 |
|
7 |
|a 94(47)
|x Dejiny krajín východnej Európy
|2 konspekt
|
| 080 |
|
|
|a 94(470+571)"1917"
|2 2011
|
| 080 |
|
|
|a (048.8)
|2 2011
|
| 100 |
1 |
|
|a Reed, John,
|d 1877-1920
|4 aut
|9 239979
|
| 240 |
1 |
0 |
|a Ten days that shook the world
|l Slovensky
|
| 245 |
1 |
0 |
|a Desať dní, ktoré otriasli svetom
|c John Reed ; z anglického originálu Ten days that shook the world ... preložil D. Benau
|
| 250 |
|
|
|a 2. vyd.
|
| 260 |
|
|
|a Bratislava
|b Obzor
|c 1967
|
| 300 |
|
|
|a 349, [3] s., [32] s. fot. príl.
|b faksimile, fotogr., ilustr., tab.
|c 20 cm
|
| 366 |
|
|
|e 2000 výtl.
|
| 500 |
|
|
|a A. Wiliams: Životopis Johna Reeda
|
| 504 |
|
|
|a Obsahuje bibliografiu
|
| 650 |
0 |
7 |
|a októbrová revolúcia (1917 : Rusko)
|2 SNKPH
|9 164524
|
| 650 |
0 |
7 |
|a October revolution (1917 : Russia)
|2 SNKPHeng
|9 394886
|
| 655 |
|
7 |
|a reportáže
|2 SNKPH
|9 28856
|
| 655 |
|
7 |
|a Reportage
|2 SNKPHeng
|9 281562
|
| 700 |
1 |
|
|a Benau, D.
|4 trl
|9 428067
|
| 700 |
1 |
|
|a Wiliams, A.
|4 aui
|9 466437
|
| 852 |
|
|
|a Slovenská národná knižnica
|
| 958 |
|
|
|a RK
|
| 958 |
|
|
|a TL
|
| 958 |
|
|
|a NB
|
| 958 |
|
|
|a OND
|
| 999 |
|
|
|c 730663
|d 732593
|
| 952 |
|
|
|t P60, <04>, [BOOK], {604}
|a SNK
|b SNK
|y VYP
|7 0
|p 17A0409988
|o snkSD 31984 D1
|i snkKSP 5925/67
|0 0
|1 0
|4 0
|d 2004-01-20
|l 0
|r 2005-01-02 00:00:00
|w 2026-02-23
|
| 952 |
|
|
|a SNK
|b SNK
|y PREZ
|7 0
|p 17A0832184
|o snkSD 31984
|0 0
|1 0
|4 0
|d 2013-08-08
|f 1
|l 0
|r 2026-02-23 22:27:48
|w 2026-02-23
|